Etika, podniková identita a globalizácia

Primárny vplyv ekonomických aspektov, ktoré výrazne určujú a ovplyvňujú ostatné stránky globalizácie. Zmeny správania podnikateľských subjektov na globálnom trhu. Ekonomické dôvody naplňovania podnikateľskej etiky v trhovej ekonomike.

Guardado en:
Detalles Bibliográficos
Autor principal: Bieliková, Alžbeta
Otros Autores: Paliderová, Martina
Formato: Capítulo de libro
Lenguaje:eslovaco
Materias:
Etiquetas: Agregar Etiqueta
Sin Etiquetas, Sea el primero en etiquetar este registro!

MARC

LEADER 00000nla$a2200000$$$4500
001 0142545
005 20220330074133.9
041 0 |a slo 
044 |a SK 
245 1 0 |a Etika, podniková identita a globalizácia  |c Alžbeta Bieliková, Martina Paliderová 
520 |a Primárny vplyv ekonomických aspektov, ktoré výrazne určujú a ovplyvňujú ostatné stránky globalizácie. Zmeny správania podnikateľských subjektov na globálnom trhu. Ekonomické dôvody naplňovania podnikateľskej etiky v trhovej ekonomike. 
610 2 0 |a globalizácia 
610 2 0 |a prostredie podnikateľské 
610 2 0 |a identita podniková 
610 2 0 |a stratégia podnikateľská 
610 2 0 |a etika podnikateľská 
610 2 0 |a morálka 
100 1 |a Bieliková, Alžbeta 
700 1 |a Paliderová, Martina